Finančná analýza podniku bakalárska práca

Na minha lista:
Detalhes bibliográficos
Autor principal: Jantošík, Michal
Autor Corporativo: Národohospodárska fakulta EU. Katedra financií
Outros Autores: Alexy, Martin, 1976-
Formato: Livro
Idioma:eslovaco
Publicado em: Bratislava 2009
Tags: Adicionar Tag
Sem tags, seja o primeiro a adicionar uma tag!

MARC

LEADER 00000nam$a2200000$$$4500
001 0103045
005 20240318141323.8
041 0 |a slo 
044 |a SK 
245 1 0 |a Finančná analýza podniku  |b bakalárska práca  |c Michal Jantošík ; škol. Martin Alexy 
264 1 |a Bratislava  |c 2009 
300 |a 42 s. 
100 1 |a Jantošík, Michal 
700 1 |a Alexy, Martin, 1976- 
710 2 |a Národohospodárska fakulta EU. Katedra financií